Statistics for The First 100 Words of Watership Down

Click here to take the quiz!

General Stats

  • This quiz has been taken 11 times
  • The average score is 48 of 100

Answer Stats

Answer% Correct
an
100%
A
100%
of
100%
rabbit-
100%
a
100%
The
91%
the
91%
where
91%
In
91%
and
91%
at
82%
were
73%
was
73%
there
64%
grass
64%
On
64%
to
64%
field
55%
over.
55%
holes.
45%
no
45%
ground
36%
which
36%
down
36%
side
36%
other
36%
full
27%
primroses
27%
ran
27%
grow.
27%
edge
27%
gone
27%
places
27%
part
27%
fence,
27%
fence
27%
tree
18%
open
18%
nothing
18%
would
18%
wood,
18%
hundred
18%
droppings,
18%
still
18%
dry
18%
away,
18%
old
18%
among
18%
bottom
9%
Toward
9%
only
9%
slope,
9%
beyond,
9%
ragwort
9%
but
9%
brook,
9%
few
9%
yards
9%
clusters
9%
through
9%
became
9%
oak-
9%
mercury
9%
dog's
9%
upper
9%
showed
9%
sloped
9%
ditch
9%
roots.
9%
yellow
9%
pale
9%
patches
9%
altogether
9%
everywhere
9%
fading
9%
brambly
9%

Score Distribution

Percentile by Number Answered

Percent of People with Each Score

Your Score History

You have not taken this quiz